MARC

LEADER 00000cab a2200000 4500
001 vtls011910349
003 SK-MaSNL
005 20260318140327.0
008 200113|2019 xo 000 0|hun
015 |a SNBRB2019/03 
040 |a DSZK  |b slo  |d DSZK  |e rda 
041 0 |a hun 
043 |a e-xo--- 
044 |a xo  |c SK 
072 7 |a 373.5/.6  |x Stredné školy  |2 konspekt 
080 |a 373.6  |x (=514.11)  |x (437.6)  |2 2011 
110 2 |a Súkromná stredná odborná škola s vyučovacím jazykom maďarským (Kolárovo, Slovensko)  |4 aut  |9 1039456 
245 0 0 |a Egy álom megvalósulása  |c Magyar Tannyelvű Magán Szakközépiskola Gúta 
300 |b Fotografie 
610 2 7 |a Súkromná stredná odborná škola s vyučovacím jazykom maďarským (Kolárovo, Slovensko)  |2 dszk  |9 1039456 
650 0 7 |a stredné odborné školy  |2 SNKPH  |9 67892 
650 0 7 |a stredné odborné školy s vyučovacím jazykom maďarským  |2 dszk  |9 1108599 
651 7 |a Kolárovo (Slovensko)  |2 SNKPHgeo  |9 19149 
773 0 |t Katedra  |g Évf. XXVI, sz. 7 (2019) , o. 33-34  |x 1335-6445 
958 |a HU 
958 |a SK 
958 |a NM 
999 |c 1824513  |d 1826443